[Event "89_| Campeonato Brasileiro 2023"]
[Site "Recife"]
[Date "2023.12.15"]
[Round "4.4"]
[White "Di Berardino, Diego Rafael"]
[Black "Fiaes, Mario Henrique"]
[Result "1-0"]
[WhiteElo "2477"]
[BlackElo "2123"]
[Annotator "MI Luis Rodi - Stockfish 16 (CB)"]
[PlyCount "103"]
[EventDate "2023.??.??"]
[EventCountry "BRA"]
[WhiteClock "0:13:00"]
[BlackClock "0:37:36"]

{[%evp 16,103,55,45,51,56,89,58,75,54,49,48,59,41,45,37,65,16,59,42,71,65,151,
147,153,86,148,160,234,221,267,258,278,249,266,151,235,225,228,219,206,212,217,
137,158,162,140,135,150,162,155,161,147,143,553,556,550,345,374,373,375,365,
496,507,595,599,587,581,579,568,624,614,603,603,673,667,659,634,690,720,690,
699,691,669,716,714,1185,1186,918,804] Os jogos começam a se produzir entre
enxadristas com cada vez menor diferença de rating elo, o que a sua vez
deriva em jogos mais combativos e parelhos. Um dos melhores espetáculos da
rodada aconteceu na mesa 1, onde o jovem mestre nacional Lucas Piccoli dividiu
o ponto com o ex campeão brasileiro e grande mestre Luis Supi. Após uma
Siciliana Clássica onde as primeiras surpreenderam levando sua dama a d3 em
vez de d2 na variante Richter Rauzer, as pretas obtiveram um peão a mais a
câmbio de ter que deixar seu rei no centro do tabuleiro. Perto do apuro de
tempo, algumas imprecisões foram trocadas e depois de uma interessante
entrega de peça de Piccoli todas as peças pretas ficaram reduzidas em um
pequeno espaço. Claramente tinham compensação as brancas. Supi começou a
operação desenrola e quase dá certo. Novas imprecisões e finalmente se
chegou ao reparto do ponto. Ao finalizar a rodada somente cinco são os
líderes da prova: os grandes mestres Alexandr Fier, Renato Quintiliano e Yago
de Moura Santiago -o crédito pernam- bucano-, assim como os mestres
internacionais Nathan Filgueiras e Diego di Berardino, que assinou uma bonita
vitória posicional mostrando o poder do par de bispos em posições abertas.
A rodada registrou ademais um valioso empate do mestre fide Wagner Madeira
ante o mestre internacional Roberto Molina, e o mesmo resultado alcançou o cm
Luciano Zallio ante o grande mestre Darcy Lima. Com sendas vitórias recuperam
posições os grandes mestres Krikor Mekhitarian e André Diamant, se
colocando a meio ponto dos líderes. Na próxima jornada teremos novamente uma
rodada dupla, desde as 14 e as 20 horas. A quinta rodada entrega duelos como
Fier - Di Berardino [mesa 1], Quintiliano - Filgueiras [mesa 2] e Santiago -
Mekhitarian [mesa 3]. Começam os grandes encontros!} 1. d4 Nf6 2. c4 e6 3. Nf3
b6 4. g3 Ba6 {[#] A variante de Nimzowitsch é a atual linha principal da
Índia de Dama, depois de anos de reinado da opção 4...Bb7. A jogada do
texto é considerada mais dinâmica.} 5. Nbd2 Bb4 {A jogada mais usual,
renovando a ame- aça contra o peão em c4. As pretas tam- bém empregam com
assiduidade as al- ternativas} (5... Bb7) ({e} 5... d5) 6. Qc2 Bb7 {Uma vez
provocado o desenvolvimento mais passivo do cavalo dama branco, o bispo
regressa à sua melhor diagonal.} 7. Bg2 O-O {Uma ordem pouco usual e prova-
velmente não recomendável, porque depois da réplica branca para ocupar e4
as pretas vão ter que realizar alguma concessão} ({A linha principal nasce de
} 7... Be4 {onde as brancas escolhem entre} 8. Qb3 {ou Dd1}) 8. O-O Bxd2 9.
Qxd2 ({[#] Esta recaptura é suficiente para uma ligeira vantagem as brancas
obtiveram o par de bispos, porém na prática é mais usual a alternativa:} 9.
Bxd2 {por exemplo:} Be4 10. Qa4 (10. Qb3 d6 11. Rfd1 Nbd7 12. Rac1 Qe7 13. Qa3
$14 {Roselli - Guerrero, Uruguai ch 2021}) 10... d6 11. Rfd1 $14 {Ivanisevic -
Anasasian, Plovdiv 2008.}) 9... Be4 {Esta ocupação parece menos lógica aqui.
É curioso que na base de dados aparecem muitas partidas nesta posição
concreta... sendo o turno das pretas. Evidentemente algo elas não fizeram
certo. Na prática é mais utilizada a ideia natural 9...d6 onde as brancas
reagem da mesma forma que Diego: 10.b3 Cbd7 11.Bb2² Alekhine - Alexander,
Nottin- gham 1936 -entre outras. E16: Queen's Indian: 4 g3 Bb7 5 Bg2 Bb4+.} 10.
b3 d6 11. Bb2 Re8 {White is slightly better.} 12. Qc3 {Um lance multifunção.
Raios-X sobre g7 e, mais per to no tempo, adiç ão de defesa ao cavalo em f3.
Para que? Já veremos} Nbd7 {[#]} 13. Bh3 $1 {Uma manobra destacável,
complemento do lance prévio. As brancas desejam seguir com Cd2 e
eventualmente preparar o avanço e4, mas sem permitir a simplificação dos
bispos de casas claras, em parte porque as brancas dispõem de vantagem de
espaço.} c6 14. Nd2 {[#]} Bg6 $146 {[#]} ({Este é o primeiro lance novo da
partida, porém em todo caso não é melhor que o antecedente} 14... Bf5 15.
Bg2 {melhor que a troca em f5 onde a câmbio dos peões dobrados as pretas
conseguem uma coluna aberta para sua torre} d5 16. Rfe1 a5 17. e4 dxe4 18. Nxe4
Bxe4 19. Bxe4 Nxe4 20. Rxe4 Nf6 21. Re5 $16 {Barkhagen - Andreasson, Suécia
2001. O primeiro lado conta aqui com vantagem de espaço e a melhor peça
menor.}) ({Predecessor:} 14... Bf5 15. Bg2 d5 16. Rfe1 a5 17. e4 dxe4 18. Nxe4
Bxe4 19. Bxe4 Nxe4 20. Rxe4 Nf6 21. Re5 a4 {1-0 (29) Barkhagen,J (2464)
-Andreasson,I (2345) Sweden 2001}) 15. Rac1 Rc8 16. b4 Qc7 17. Bg2 Qb8 {
Os últimos lances pretos foram muito passivos, sem ao menos lutar por algo de
espaço no centro mediante ...d5. As brancas, no entanto, com cada lance vão
ganhando posições.} ({Se} 17... d5 18. a4 $16) 18. e4 {Neste ponto as pretas
não tem mais opção que tentar uma ruptura no centro, para tentar ficar
menos asfixiadas [#]} e5 $6 {[%eval 151,23] Não é a melhor ideia. As pretas
perdem a última oportunidade de jogar} (18... d5 {embora depois de} 19. e5 Ne4
20. Nxe4 Bxe4 21. f3 {também agradável para as brancas seria} (21. f3 $5 {
[%cal Rf3e4]} Bg6 22. f4 $14) 21... Bg6 22. f4 {Brancas com evidente vantagem})
({Black should play} 18... d5 $14 {[%eval 65,25]}) 19. dxe5 $16 dxe5 20. c5 {
[%eval 86,26]} (20. f4 $142 {[%eval 153,24]}) 20... bxc5 {[%eval 148,23]} (
20... a5 21. bxa5 Nxc5 22. Qe3 $16) (20... Rcd8 $142 {[%eval 86,26]}) 21. bxc5
{Mais espaço para as brancas. Ao mesmo tempo, cada abertura de linhas é
vista com otimismo pelo par de bispos das brancas} Qb5 $6 {[%eval 234,25]} (
21... Rcd8 22. Ba3 Nf8 23. f3 Ne6 $16) (21... Rcd8 $16 {[%eval 160,30]}) 22.
Ba3 Rb8 {[#]} 23. f3 {Muito forte. Por um lado, a consolidação do peão em
e4 deixa sem demasiadas casas às peças menores pretas na ala de rei. Por
outro, se prepara a ativação do bispo de g2, com destino à casa c4. As
brancas já estão estrategicamente ganhas} Red8 24. Rfd1 Ne8 25. Qc2 {[%eval
151,28]} (25. Bf1 $18 {[%eval 266,27]} Qb7 26. Rb1) 25... f6 {[%eval 235,23]} (
25... Nf8 $16 {[%eval 151,28]}) 26. Bf1 $18 Qb7 27. Nc4 Qc7 {[#]} 28. Qa4 $1
Nf8 29. Nd6 {O posto avançado de uma invasão segundo todas as regras. As
manobras pretas não resolveram o principal problema desse lado -a falta de
atividade- e agora elas estão francamente na defesa [#]. Hoping for Bb4.} Ne6
30. Bc4 Bf7 31. Nxf7 Kxf7 {No atual clássico de bispos contra cavalos os
primeiros são muito mais ativos. A seguinte melhora ao que parecia relegado
na casa a3 [#]} 32. Bb4 Rxd1+ 33. Rxd1 Ke7 34. Bc3 $36 {[%mdl 2048] Keeping
Black busy.} g6 $2 {[%eval 553,26][%mdl 8192]} ({Obviamente que teria perda
material se} 34... Nxc5 $2 {[%eval 570,26] 34...Rd8 1.54 [#]} 35. Qa3 $1 $18) (
34... Rd8 $16 {[%eval 143,27] is a better chance.}) 35. Bxe6 {Uma das
vantagens do jogador com par de bispos é que no momento que considere
oportuno pode entregar um deles a modo de transformação de vantagens. Aqui
Diego entrega um dos seus valiosos bispos para poder realizar a invasão
decisiva.} Kxe6 36. Qc4+ ({Ou também} 36. Ba5 Qb7 37. Qc4+ {com motivos
semelhantes à partida.}) 36... Ke7 37. Qg8 Rd8 38. Rb1 ({Este lance tende uma
armadilha tática que as pretas perdem. No seu lugar, a gulosa} 38. Qxh7+ {
[%eval 182,27] 38.Rb1 3.65} Kf8 39. Qh6+ Kf7 {perde parte da vantagem branca.})
38... Rd3 $2 {A tarefa branca é facilitada enormemente depois deste erro.[#]}
(38... Rb8 39. Rf1 $18) 39. Rb7 $1 {[%mdl 512] Atraindo a dama preta a uma
casa onde fica sem defesa do cavalo e portanto se perde depois do xeque em h7.
White is clearly winning.} Rxc3 (39... Qxb7 40. Qxh7+) 40. Rxc7+ Nxc7 41. Qxh7+
{[%mdl 4096] Endgame KQ-KRN} Kd8 42. Qxg6 Ne8 43. h4 {Não há forma de parar
o peão passado. O que segue é simples, e poderia ser evitado. O condutor das
brancas nem sequer tinha entrado em aputo de tempo. [#]} Rxc5 44. h5 Ke7 45. h6
Nd6 46. h7 Nf7 {[#]} 47. Qxf7+ $1 {[%mdl 576] Remove Defender, Promotion} Kxf7
48. h8=Q Rc1+ 49. Kg2 Rc2+ 50. Kh3 Rxa2 51. Qh7+ Kf8 52. Qg6 {Um bom trabalho
posicional de Diego di Berardino, que mais uma vez anota seu nome entre os
candidatos a ganhar a prova mais importante do país. 1-0 Precisão: Brancas
73%, Pretas 47%.} 1-0

[Event "89_| Campeonato Brasileiro 2023"]
[Site "Recife"]
[Date "2023.12.15"]
[Round "4.5"]
[White "Lage, Pedro Ferreira"]
[Black "Santiago, Yago De Moura"]
[Result "0-1"]
[WhiteElo "2115"]
[BlackElo "2476"]
[PlyCount "67"]
[EventDate "2023.??.??"]
[EventCountry "BRA"]
[TimeControl "90+30"]
[WhiteClock "0:03:14"]
[BlackClock "1:05:01"]

1. Nf3 {[%emt 0:00:00]} d5 {[%emt 0:00:00]} 2. e3 {[%emt 0:00:00]} e6 {[%emt 0:
00:00]} 3. b3 {[%emt 0:00:00]} f5 {[%emt 0:00:00]} 4. Bb2 {[%emt 0:00:00]} Nf6
{[%emt 0:00:00]} 5. c4 {[%emt 0:00:00]} a5 {[%emt 0:00:00]} 6. a3 {[%emt 0:00:
00]} Bd6 {[%emt 0:00:00]} 7. Be2 {[%emt 0:00:00]} O-O {[%emt 0:00:00]} 8. O-O {
[%emt 0:00:00]} Qe7 {[%emt 0:00:00]} 9. Ne5 {[%emt 0:00:00]} b6 {[%emt 0:00:00]
} 10. d3 {[%emt 0:00:00]} Bb7 {[%emt 0:00:00]} 11. Nd2 {[%emt 0:00:00]} c6 {
[%emt 0:00:00]} 12. Ra2 {[%emt 0:00:00]} c5 {[%emt 0:00:00]} 13. Qa1 {[%emt 0:
00:00]} Qc7 {[%emt 0:00:00]} 14. f4 {[%emt 0:00:00]} Nc6 {[%emt 0:00:00]} 15.
Ndf3 {[%emt 0:00:00]} a4 {[%emt 0:00:00]} 16. bxa4 {[%emt 0:00:00]} Rxa4 {
[%emt 0:00:00]} 17. Nxc6 {[%emt 0:00:00]} Bxc6 {[%emt 0:00:00]} 18. Ne5 {
[%emt 0:00:00]} dxc4 {[%emt 0:00:00]} 19. Nxc4 {[%emt 0:00:00]} Be7 {[%emt 0:
00:00]} 20. Be5 {[%emt 0:00:00]} Qd8 {[%emt 0:00:00]} 21. Rc1 {[%emt 0:00:00]}
b5 {[%emt 0:00:00]} 22. Nd2 {[%emt 0:00:00]} Bd5 {[%emt 0:00:00]} 23. Bd1 {
[%emt 0:00:00]} Ra7 {[%emt 0:00:00]} 24. Rb2 {[%emt 0:00:00]} Qa8 {[%emt 0:00:
00]} 25. Nb1 {[%emt 0:00:00]} b4 {[%emt 0:00:00]} 26. a4 {[%emt 0:02:55]} Nd7 {
[%emt 0:00:00]} 27. Re2 {[%emt 0:05:30]} Nxe5 {[%emt 0:00:00]} 28. Qxe5 {
[%emt 0:00:20]} Bf6 {[%emt 0:00:00]} 29. Qd6 {[%emt 0:00:27]} Ra6 {[%emt 0:00:
00]} 30. Qd7 {[%emt 0:00:30]} Rf7 {[%emt 0:00:00]} 31. Qb5 {[%emt 0:00:30]} Ra5
{[%emt 0:00:00]} 32. Qb6 {[%emt 0:00:30]} Bd8 {[%emt 0:00:00]} 33. Qd6 {
[%emt 0:03:20]} Bb6 {[%emt 0:00:00]} 34. Qxb6 {[%emt 0:01:14]} 0-1

[Event "89_| Campeonato Brasileiro 2023"]
[Site "Recife"]
[Date "2023.12.15"]
[Round "4.6"]
[White "Madeira, Wagner Martins"]
[Black "Molina, Roberto Junio Brito"]
[Result "1/2-1/2"]
[WhiteElo "2114"]
[BlackElo "2381"]
[PlyCount "95"]
[EventDate "2023.??.??"]
[EventCountry "BRA"]
[TimeControl "90+30"]
[WhiteClock "0:00:37"]
[BlackClock "0:01:34"]

{[%evp 9,95,31,35,13,16,0,0,0,0,-73,-22,-38,-16,-14,19,-77,-47,-45,-25,-97,-21,
-21,-18,-61,-24,-25,-3,-1,-3,-4,-3,-5,0,-7,-3,-9,0,0,0,0,0,5,22,20,29,0,2,3,4,
6,5,0,464,464,457,464,446,401,432,429,444,411,411,365,516,514,507,49,538,540,
526,529,495,505,681,662,778,606,906,627,591,583,498,11,5,0,0,0]} 1. e4 {
[%emt 0:00:00]} c5 {[%emt 0:00:00]} 2. c3 {[%emt 0:00:00]} d5 {[%emt 0:00:00]}
3. exd5 {[%emt 0:00:00]} Qxd5 {[%emt 0:00:00]} 4. Nf3 {[%emt 0:00:00]} g6 {
[%emt 0:00:00]} 5. Na3 {[%emt 0:00:00]} Bg7 {[%emt 0:00:00]} 6. Bc4 {[%emt 0:
00:00] B22: Sicilian: 2 c3.} Qe4+ {[%emt 0:00:00]} 7. Kf1 {[%emt 0:00:00] Ng5
is the strong threat.} Be6 {[%emt 0:00:00]} 8. Bb5+ {[%emt 0:00:00]} Bd7 {
[%emt 0:00:00]} 9. Qb3 {[%eval -73,25] [%emt 0:00:00]} (9. Bc4 $11 {[%eval 0,
29]} Qf5 10. h3) 9... Bxb5+ {[%emt 0:00:00]} 10. Nxb5 $146 {[%emt 0:00:00]} ({
Predecessor:} 10. Qxb5+ Qc6 11. d3 a6 12. Qxc6+ Nxc6 13. Be3 b6 14. Nc4 Rb8 15.
Bf4 Rb7 16. Re1 {1/2-1/2 (45) Mangold,T (1896)-Giese,G (1899) Mecklenburg VP
2013}) 10... Qd3+ {[%emt 0:00:00]} (10... Qc6 {with more complications.} 11. h4
h5 12. d4 a6 13. Na3 b5) 11. Kg1 {[%emt 0:00:00]} Na6 {[%emt 0:00:00]} 12. c4 {
[%eval -77,27] [%emt 0:00:00]} (12. Qa4 $11 {[%eval 19,27]} Kf8 13. h4) 12...
Qd7 {[%emt 0:00:00]} 13. d3 {[%emt 0:00:00]} Nh6 {[%emt 0:00:00]} 14. h4 {
[%eval -97,22] [%emt 0:00:00]} (14. Bxh6 $11 {[%eval -25,25] keeps the balance.
} Bxh6 15. h4) 14... Nf5 {[%eval -21,26] [%emt 0:00:00]} (14... Ng4 $17 {
[%eval -97,22]} 15. Be3 h5) 15. h5 $11 {[%emt 0:00:00]} O-O {[%emt 0:00:00]}
16. Bf4 {[%emt 0:00:00]} Nb4 {[%emt 0:00:00]} 17. d4 {[%emt 0:00:00]} Nxd4 {
[%emt 0:06:39]} 18. Nbxd4 {[%emt 0:00:00]} Bxd4 {[%emt 0:00:01]} 19. Nxd4 {
[%emt 0:00:00]} Qxd4 {[%emt 0:00:01]} 20. Be3 {[%emt 0:00:00]} Qe5 {[%emt 0:02:
12]} 21. a3 {[%emt 0:00:00]} Nc6 {[%emt 0:00:05]} 22. Qxb7 {[%emt 0:03:03]} Nd4
{[%emt 0:00:04]} 23. Bxd4 {[%emt 0:00:34]} cxd4 {[%emt 0:00:26]} 24. Qf3 {
[%emt 0:00:28]} d3 {[%emt 0:03:05]} 25. Qxd3 {[%emt 0:01:28]} Qxb2 {[%emt 0:00:
30]} 26. Re1 {[%emt 0:00:57]} e6 {[%emt 0:00:39]} 27. Qh3 {[%emt 0:05:16]
Strongly threatening hxg6.} Rfd8 {[%emt 0:00:21]} 28. hxg6 {[%emt 0:01:07]}
hxg6 {[%emt 0:00:00]} 29. Qh7+ {[%emt 0:00:34]} Kf8 {[%emt 0:00:01]} 30. Rh3
$40 {[%emt 0:01:09][%mdl 128] White attacks.} Ke7 $2 {[%eval 464,22] [%emt 0:
01:17][%mdl 8192]} (30... Rac8 $11 {[%eval 0,39] and Black stays safe.}) 31.
Rf3 $18 {[%emt 0:00:25]} Rf8 {[%emt 0:00:04]} 32. Qh4+ {[%emt 0:00:18]} Ke8 {
[%emt 0:00:25]} 33. Qe4 {[%emt 0:00:21] White wants to mate with Qc6+.} Rd8 {
[%emt 0:01:37]} 34. Qc6+ {[%emt 0:00:25]} Ke7 {[%emt 0:00:15]} 35. Qc5+ {
[%emt 0:00:39][%mdl 64] [#] Double Attack} Rd6 {[%emt 0:00:14]} 36. Qxa7+ {
[%emt 0:00:16]} Rd7 {[%eval 516,25] [%emt 0:00:01]} (36... Ke8 $142 {[%eval
365,28]} 37. c5 Qd2) 37. Qc5+ {[%emt 0:00:13]} Rd6 {[%emt 0:00:01]} 38. Qb4 $2
{[%eval 49,28] [%emt 0:02:10]} (38. Qc7+ $18 {[%eval 507,27]} Rd7 39. Qc5+ Rd6
40. Qg5+ f6 41. Qxg6) 38... Rb8 $2 {[%eval 538,25] [%emt 0:00:08][%mdl 8192] 
[#]} ({Black should try} 38... Qxb4 $14 {[%eval 49,28]} 39. axb4 Rd4) 39. Rxf7+
$1 {[%emt 0:00:30][%mdl 576] Deflection} Kxf7 {[%emt 0:00:01]} 40. Qxd6 {
[%emt 0:00:00][%mdl 4096] Endgame KQR-KQR} Re8 {[%emt 0:01:03]} 41. c5 {
[%emt 0:00:30]} Qxa3 {[%emt 0:00:08]} 42. Qf4+ {[%emt 0:00:31]} Kg7 {[%emt 0:
01:59]} 43. Qe5+ {[%emt 0:00:27]} Kf7 {[%emt 0:00:20]} 44. Ra1 {[%emt 0:00:17]}
Qb4 {[%emt 0:01:00]} 45. Ra7+ {[%emt 0:00:54]} Re7 {[%emt 0:00:01]} 46. Qa1 $2
{[%eval 11,38] [%emt 0:01:25]} (46. Rxe7+ $18 {[%eval 498,25]} Kxe7 47. Qg7+ {
[%mdl 64] Double Attack} Ke8 48. Qxg6+ Ke7 49. Qg7+ Ke8 50. c6 Qe1+ 51. Kh2
Qxf2 52. Qd7+ Kf8 53. Qxe6) 46... Qxc5 $11 {[%emt 0:00:14]} 47. Ra8 {[%emt 0:
00:23] Black must now prevent Rh8.} Rc7 {[%emt 0:00:34]} 48. g3 {[%emt 0:00:33]
Accuracy: White = 68%, Black = 53%.} 1/2-1/2

[Event "89_| Campeonato Brasileiro 2023"]
[Site "Recife"]
[Date "2023.12.15"]
[Round "4.7"]
[White "Filgueiras, Nathan Felipe"]
[Black "Cordeiro, Marco Aurelio Zaror"]
[Result "1-0"]
[WhiteElo "2295"]
[BlackElo "2054"]
[PlyCount "83"]
[EventDate "2023.??.??"]
[EventCountry "BRA"]
[TimeControl "90+30"]
[WhiteClock "0:07:46"]
[BlackClock "0:04:07"]

1. e4 {[%emt 0:00:00]} Nf6 {[%emt 0:00:00]} 2. Nc3 {[%emt 0:00:00]} d5 {
[%emt 0:00:00]} 3. e5 {[%emt 0:00:00]} Nfd7 {[%emt 0:00:00]} 4. d4 {[%emt 0:00:
00]} e6 {[%emt 0:00:00]} 5. Nce2 {[%emt 0:00:00]} c5 {[%emt 0:00:00]} 6. c3 {
[%emt 0:00:00]} b6 {[%emt 0:00:00]} 7. Nf4 {[%emt 0:00:00]} Ba6 {[%emt 0:00:00]
} 8. Bxa6 {[%emt 0:00:00]} Nxa6 {[%emt 0:00:00]} 9. Nf3 {[%emt 0:00:00]} cxd4 {
[%emt 0:00:00]} 10. cxd4 {[%emt 0:00:00]} Bb4+ {[%emt 0:00:00]} 11. Kf1 {
[%emt 0:00:00]} Nc7 {[%emt 0:07:00]} 12. g3 {[%emt 0:00:00]} O-O {[%emt 0:00:
00]} 13. Kg2 {[%emt 0:00:00]} Re8 {[%emt 0:00:00]} 14. h4 {[%emt 0:00:00]} f6 {
[%emt 0:00:00]} 15. Nd3 {[%emt 0:00:00]} Bf8 {[%emt 0:00:00]} 16. exf6 {
[%emt 0:00:00]} gxf6 {[%emt 0:00:00]} 17. Bf4 {[%emt 0:00:00]} Nb5 {[%emt 0:00:
00]} 18. Qb3 {[%emt 0:00:00]} Nd6 {[%emt 0:00:00]} 19. Rhe1 {[%emt 0:00:00]}
Nf7 {[%emt 0:00:00]} 20. Re2 {[%emt 0:00:00]} Bg7 {[%emt 0:00:00]} 21. Rae1 {
[%emt 0:00:00]} Nf8 {[%emt 0:00:00]} 22. Bd2 {[%emt 0:00:00]} Qd7 {[%emt 0:00:
00]} 23. Nf4 {[%emt 0:00:00]} Rad8 {[%emt 0:00:00]} 24. Nh5 {[%emt 0:00:00]}
Bh8 {[%emt 0:00:00]} 25. Nh2 {[%emt 0:00:00]} e5 {[%emt 0:00:00]} 26. Qf3 {
[%emt 0:00:00]} f5 {[%emt 0:00:00]} 27. dxe5 {[%emt 0:00:00]} Nxe5 {[%emt 0:00:
00]} 28. Qb3 {[%emt 0:00:00]} Qf7 {[%emt 0:00:00]} 29. Nf4 {[%emt 0:00:50]} d4
{[%emt 0:00:00]} 30. Nf3 {[%emt 0:03:10]} Qxb3 {[%emt 0:00:00]} 31. axb3 {
[%emt 0:00:30]} Nxf3 {[%emt 0:00:00]} 32. Kxf3 {[%emt 0:00:05]} Kf7 {[%emt 0:
00:00]} 33. Nd3 {[%emt 0:00:57]} Ne6 {[%emt 0:04:19]} 34. Bf4 {[%emt 0:01:13]}
Bf6 {[%emt 0:02:19]} 35. b4 {[%emt 0:00:59]} Rc8 {[%emt 0:01:15]} 36. Be5 {
[%emt 0:00:30]} Rcd8 {[%emt 0:00:30]} 37. Rc1 {[%emt 0:00:30]} Bxe5 {[%emt 0:
00:30]} 38. Rxe5 {[%emt 0:00:30]} Rc8 {[%emt 0:00:30]} 39. Rxf5+ {[%emt 0:00:
30]} Kg6 {[%emt 0:00:30]} 40. Rxc8 {[%emt 0:00:30]} Rxc8 {[%emt 0:00:30]} 41.
g4 {[%emt 0:00:30]} Rc2 {[%emt 0:00:30]} 42. Re5 {[%emt 0:04:00]} 1-0

[Event "89_| Campeonato Brasileiro 2023"]
[Site "Recife"]
[Date "2023.12.15"]
[Round "4.8"]
[White "Mekhitarian, Krikor Sevag"]
[Black "Do Nascimento, Christian Almeida"]
[Result "1-0"]
[WhiteElo "2559"]
[BlackElo "2125"]
[PlyCount "76"]
[EventDate "2023.??.??"]
[EventCountry "BRA"]
[TimeControl "90+30"]
[WhiteClock "0:10:10"]
[BlackClock "0:02:58"]

1. e4 {[%emt 0:00:00]} c5 {[%emt 0:00:00]} 2. Nf3 {[%emt 0:00:00]} d6 {[%emt 0:
00:00]} 3. d4 {[%emt 0:00:00]} cxd4 {[%emt 0:00:00]} 4. Nxd4 {[%emt 0:00:00]}
Nf6 {[%emt 0:00:00]} 5. Nc3 {[%emt 0:00:00]} g6 {[%emt 0:00:00]} 6. Be3 {
[%emt 0:00:00]} Bg7 {[%emt 0:00:00]} 7. f3 {[%emt 0:00:00]} O-O {[%emt 0:00:00]
} 8. Qd2 {[%emt 0:00:00]} Nc6 {[%emt 0:00:00]} 9. O-O-O {[%emt 0:00:00]} Nxd4 {
[%emt 0:00:00]} 10. Bxd4 {[%emt 0:00:00]} Be6 {[%emt 0:00:00]} 11. Kb1 {
[%emt 0:00:00]} Qc7 {[%emt 0:00:00]} 12. h4 {[%emt 0:00:00]} Rfc8 {[%emt 0:00:
00]} 13. h5 {[%emt 0:00:00]} b5 {[%emt 0:00:00]} 14. hxg6 {[%emt 0:00:00]} hxg6
{[%emt 0:00:00]} 15. Nxb5 {[%emt 0:00:00]} Qb7 {[%emt 0:00:00]} 16. b3 {
[%emt 0:00:00]} a6 {[%emt 0:00:00]} 17. Nc3 {[%emt 0:00:00]} a5 {[%emt 0:00:00]
} 18. Na4 {[%emt 0:00:00]} Rc6 {[%emt 0:00:00]} 19. Bd3 {[%emt 0:00:00]} Rac8 {
[%emt 0:00:00]} 20. g4 {[%emt 0:00:00]} Bc4 {[%emt 0:00:00]} 21. Rc1 {[%emt 0:
00:00]} Bb5 {[%emt 0:00:00]} 22. Bxb5 {[%emt 0:00:00]} Qxb5 {[%emt 0:00:00]}
23. Bb2 {[%emt 0:00:00]} Rc4 {[%emt 0:00:00]} 24. bxc4 {[%emt 0:00:00]} Qxa4 {
[%emt 0:00:00]} 25. g5 {[%emt 0:00:00]} Nh5 {[%emt 0:00:00]} 26. Bxg7 {[%emt 0:
00:00]} Kxg7 {[%emt 0:00:00]} 27. c3 {[%emt 0:00:00]} Rxc4 {[%emt 0:00:00]} 28.
Rc2 {[%emt 0:00:00]} Qb5+ {[%emt 0:00:00]} 29. Ka1 {[%emt 0:00:00]} Qe5 {
[%emt 0:00:00]} 30. Qd5 {[%emt 0:00:00]} Qxd5 {[%emt 0:00:00]} 31. exd5 {
[%emt 0:00:00]} Rf4 {[%emt 0:00:00]} 32. Re1 {[%emt 0:00:00]} Rxf3 {[%emt 0:00:
00]} 33. Rxe7 {[%emt 0:00:00]} Rf5 {[%emt 0:00:00]} 34. c4 {[%emt 0:00:00]}
Rxg5 {[%emt 0:00:00]} 35. Rd7 {[%emt 0:00:00]} Nf4 {[%emt 0:13:50]} 36. Rxd6 {
[%emt 0:10:11]} Nd3 {[%emt 0:01:25]} 37. a3 {[%emt 0:00:07]} Rg1+ {[%emt 0:01:
38]} 38. Ka2 {[%emt 0:00:02]} g5 {[%emt 0:00:39]} 1-0